Score 0/18 Timer 04:00
0 Plays Today
Clue Missing word % Correct
____ HoganHulk
95.5%
Tennessee ______Titans
89.1%
___ TebowTim
87.9%
Final ____Four
87.7%
Speed _______Skating
87.1%
Cleveland _________Cavaliers
85%
__________ PenguinsPittsburgh
84.8%
_____ MarlinsMiami
84.2%
_____ BeckerBoris
78.6%
Clue Missing word % Correct
____ UtesUtah
77.3%
Base on _____Balls
65.3%
____ MessierMark
58.5%
____ LeslieLisa
50.8%
Shotgun _____Start
37.2%
Columbus ____Crew
34.5%
______ DrogbaDidier
32.6%
_____________ WanderersWolverhampton
28.6%
Paul _____Pogba
25.7%

Today's Daily Dose

Remove Ads.
Support Sporcle.
Get the best of Sporcle when you Go Orange. This ad-free experience offers more features, more stats, and more fun while also helping to support Sporcle. Thank you for becoming a member.

You're not logged in!

Compare scores with friends on all Sporcle quizzes.
OR
Log In

Show Comments

Extras

Top Quizzes Today


Score Distribution

Your Account Isn't Verified!

In order to create a playlist on Sporcle, you need to verify the email address you used during registration. Go to your Sporcle Settings to finish the process.

Report this User

Report this user for behavior that violates our Community Guidelines.

Details: